El Arte de la América Precolombina / Carlos Cid

por Cid Priego, Carlos

Publicado: Trapani : Casa Editrice Radio , 1949
Descripción Física: 25 p., [5] p. de làm. : il. ; 24 cm
Materias: Art precolombí

MARC

LEADER 00000nam a2200000Ia 4500
001 17551
008 160829s1949 xx 000 0 cat d
080 |a FU-2-25 
100 |a Cid Priego, Carlos  |9 19791 
245 |a El Arte de la América Precolombina / Carlos Cid 
260 |a Trapani :  |b Casa Editrice Radio,  |c 1949 
300 |a 25 p., [5] p. de làm. :  |b  il. ;  |c 24 cm 
590 |a Separata de: Lumen, revista Internacional de Filosofia, Ciència i Literatura.  
590 |a Prové de R.168 del currículum per la plaça de conservador del Museu Arqueològic, 1957 
650 |a Art precolombí  |9 46599 
856 4 |u https://media.diba.cat/diba/fitxers/arxiu/fulletons/bib_17551_baixa.pdf  |y Accés lliure 
856 4 |u https://media.diba.cat/diba/fitxers/arxiu/fulletons/bib_17551_baixa.pdf  |y Accés lliure 
901 |a Arxiu 
942 |n 1  |2 udc 
952 |0 0  |1 0  |4 0  |6 FU225  |7 1  |9 53708  |a Arxiu  |b Arxiu  |d 2016-12-01  |l 0  |o FU-2-25  |p 17551  |r 2016-12-01 00:00:00  |w 2016-12-01  |y ARXIU 
999 |c 57574  |d 57574 
900 |a bib_17551_baixa.pdf